Farm management : (Record no. 12358)

MARC details
000 -LEADER
fixed length control field 00547nam a2200193 4500
005 - DATE AND TIME OF LATEST TRANSACTION
control field 20150901092723.0
007 - PHYSICAL DESCRIPTION FIXED FIELD--GENERAL INFORMATION
fixed length control field 000
008 - FIXED-LENGTH DATA ELEMENTS--GENERAL INFORMATION
fixed length control field 000
020 ## - INTERNATIONAL STANDARD BOOK NUMBER
International Standard Book Number 9788126544592
040 ## - CATALOGING SOURCE
Original cataloging agency UOEL
050 ## - LIBRARY OF CONGRESS CALL NUMBER
Classification number S561
Item number .O47 2004
100 ## - MAIN ENTRY--PERSONAL NAME
Personal name Olson, Kent D.
245 ## - TITLE STATEMENT
Title Farm management :
Remainder of title principles and strategies /
Statement of responsibility, etc Kent D. Olson
260 ## - PUBLICATION, DISTRIBUTION, ETC. (IMPRINT)
Place of publication, distribution, etc New Delhi ;
Name of publisher, distributor, etc Wiley India Pvt. Ltd ,
Date of publication, distribution, etc c2004.
300 ## - PHYSICAL DESCRIPTION
Extent xiii, 429 p. :
Other physical details ill.
500 ## - GENERAL NOTE
General note Includes bibliographical references and index
650 ## - SUBJECT ADDED ENTRY--TOPICAL TERM
Topical term or geographic name as entry element Farm management
General subdivision Agriculture (General)
942 ## - ADDED ENTRY ELEMENTS (KOHA)
Source of classification or shelving scheme Library of Congress Classification
Item type Short Loan for 1 day
Holdings
Withdrawn status Lost status Source of classification or shelving scheme Damaged status Not for loan Home library Current library Shelving location Date acquired Total Checkouts Full call number Barcode Date last seen Copy number Price effective from Koha item type Date last borrowed
    Library of Congress Classification     UOE Main Library UOE Main Library Short Loan Area 01/09/2015   S561 .O47 2004 20151133 27/04/2026 20151133 01/09/2015 Short Loan for 1 day  
    Library of Congress Classification     UOE Main Library UOE Main Library Short Loan Area 01/09/2015 2 S561 .O47 2004 20151132 27/04/2026 20151132 01/09/2015 Short Loan for 1 day 26/11/2018
    Library of Congress Classification     UOE Town Campus UOE Town Campus Open shelf 06/03/2017   S561 .O47 2004 20151134 06/03/2017 20151134 06/03/2017 Loan - Normal on open shelf  
    Library of Congress Classification     UOE Town Campus UOE Town Campus Open shelf 06/03/2017   S561 .O47 2004 20151135 06/03/2017 20151135 06/03/2017 Loan - Normal on open shelf  
    Library of Congress Classification     UOE Town Campus UOE Town Campus Open shelf 06/03/2017   S561 .O47 2004 20151136 06/03/2017 20151136 06/03/2017 Loan - Normal on open shelf